Measuring sustainability : learning by doing

Bibliographic Details
Main Author: BELL
Other Authors: Morse
Format: Book
Published: London : Earthscan, 2003.
Subjects:

MARC

LEADER 00000cam a2200000 7i4500
001 0000002879
005 20040205.0
020 0 0 |a 1853838398 
090 0 0 |a 338.927   |b BEL 2003 
100 1 0 |a BELL   |h Simon 
245 1 0 |a Measuring sustainability :   |b learning by doing   |c Simon Bell and Stephen Morse 
260 0 0 |a London : Earthscan, 2003. 
300 |a 189p. : ill. ; 24cm 
500 0 0 |a Includes bibliography : p. 177-186 and index 
650 0 0 |a Economic development   |x Environmental aspects 
650 0 0 |a Environmental indicators 
650 0 0 |a Sustainable development 
700 0 1 |a Morse   |h Stephen 
998 |a JPSM 
999 |a 0000005165   |b Monograph   |c Open Shelf   |e Default branch